Surovinové zabezpečení národního hospodářství

Bibliographic Details
Main Author: Kánský, Jaroslav (Author)
Format: Article
Language:Slovak
Czech
Subjects:

MARC

LEADER 00000nab a2200000 a 4500
001 vtls000288565
003 SK-MaSNL
005 20260304063050.0
008 250422c1987 xo 0 slo
015 |a SNBRB19rr/mm-uuuuu 
035 |a CL0298683 
035 |a urn:nbn:sk:snk-abbh9r 
035 |a (urnnbn)urn:nbn:sk:snk:ar-a0aluc 
035 |a (uuid)3907e034-ecdf-429d-a094-0f1a09bbbc8f 
040 |a SNKBUCL  |b slo  |c SNKBUCL  |e AACR2 
041 0 |a cze 
044 |a xo  |c SK 
080 |a 330.123.7(437):330.342.151  |2 1981 
080 |a 330.342.151  |2 1981 
100 1 |a Kánský, Jaroslav  |4 aut  |9 922891 
245 1 0 |a Surovinové zabezpečení národního hospodářství  |c Jaroslav Kánský 
650 0 7 |a suroviny  |2 snkbucl  |9 31013 
655 7 |a články z novín a časopisov  |2 snkbucl  |9 267496 
773 0 |t Technická práca  |g Roč. 39, č. 3 (1987), s. 10-12 
850 |a Slovenská národná knižnica 
852 |a Slovenská národná knižnica 
958 |a article15 
958 |a OND 
958 |a RK 
958 |a CZ 
958 |a EUIPO 
992 |a RBX 
999 |c 2740913  |d 2742843